000 00339nam a22001337a 4500
008 181203b xxu||||| |||| 00| 0 eng d
020 _a9781439086209
041 _aeng
080 _26th
_a371
100 _a46
101 _aEDU
245 _aOn Course Strategies for Creating Success in College and in Life
_cDowning,S
942 _2udc
_cBK
999 _c52700
_d52700